[Event "Elista Soldiers Days Rating"]
[Site "Elista"]
[Date "2015.05.02"]
[Round "2"]
[White "Borisov, Sergey"]
[Black "Maksimov, Stanislav"]
[Result "1/2-1/2"]
[WhiteElo "2106"]
[BlackElo "1758"]
[PlyCount "31"]
[EventDate "2014.02.21"]
[EventType "swiss"]
[EventRounds "8"]
[EventCountry "RUS"]
[SourceTitle "EXT 2022"]
[Source "ChessBase"]
[SourceDate "2021.10.06"]
[SourceVersion "1"]
[SourceVersionDate "2021.10.06"]
[SourceQuality "1"]

1. Nf3 d5 2. d4 Nf6 3. c4 c6 4. e3 e6 5. Bd3 Nbd7 6. 0-0 a6 7. b3 Be7 8. Bb2 0-0 9. Nc3 dxc4 10. Bxc4 b5 11. Bd3 c5 12. a4 b4 13. Ne4 Bb7 14. Nxc5 Nxc5 15. dxc5 Bxc5 16. Qe2 1/2-1/2

[Event "Elista Soldiers Days Rating"]
[Site "Elista"]
[Date "2014.02.21"]
[Round "6"]
[White "Ochirov, Adyan"]
[Black "Borisov, Sergey"]
[Result "0-1"]
[WhiteElo "1688"]
[BlackElo "2106"]
[PlyCount "66"]
[EventDate "2014.02.21"]
[EventType "swiss"]
[EventRounds "8"]
[EventCountry "RUS"]
[SourceTitle "EXT 2022"]
[Source "ChessBase"]
[SourceDate "2021.10.06"]
[SourceVersion "1"]
[SourceVersionDate "2021.10.06"]
[SourceQuality "1"]

1. d4 d5 2. c4 Nc6 3. Nc3 dxc4 4. e3 Nf6 5. Bxc4 e6 6. Nf3 Bd6 7. 0-0 0-0 8. a3 e5 9. e4 Bg4 10. d5 Ne7 11. Bg5 Ng6 12. Be2 h6 13. Bh4 Bxf3 14. Bxf6 Bxe2 15. Bxd8 Bxd1 16. Bxc7 Bxc7 17. Rfxd1 f5 18. f3 Bb6+ 19. Kh1 Bd4 20. Nb5 fxe4 21. fxe4 Rf2 22. Nxd4 exd4 23. Rxd4 Raf8 24. Rdd1 Rxb2 25. d6 Ne5 26. Rac1 Ng4 27. e5 Nf2+ 28. Kg1 Nxd1 29. e6 Nc3 30. Re1 Re2 31. Rc1 Rxe6 32. d7 Ne2+ 33. Kh1 Nxc1 0-1

[Event "Omsk-ch"]
[Site "Omsk"]
[Date "2010.03.07"]
[Round "10"]
[White "Borisov, Sergey"]
[Black "Savostjanov, Igor"]
[Result "0-1"]
[WhiteElo "2115"]
[BlackElo "2101"]
[PlyCount "30"]
[EventDate "2010.02.20"]
[EventType "swiss"]
[EventRounds "11"]
[EventCountry "RUS"]
[SourceTitle "CBM 135 Extra"]
[Source "ChessBase"]
[SourceDate "2010.05.04"]
[SourceVersion "1"]
[SourceVersionDate "2010.05.04"]
[SourceQuality "1"]

1. d4 Nf6 2. Nf3 e6 3. Bg5 d5 4. e3 Be7 5. Nbd2 Nbd7 6. Bd3 h6 7. Bh4 c5 8. c3 0-0 9. 0-0 b6 10. Qe2 Bb7 11. Rfd1 Ne4 12. Bxe7 Qxe7 13. Ne5 Rfd8 14. Nxd7 Rxd7 15. f4 Rc8 0-1

[Event "Omsk-ch"]
[Site "Omsk"]
[Date "2010.03.06"]
[Round "9"]
[White "Dergatchov, Alexander"]
[Black "Borisov, Sergey"]
[Result "0-1"]
[WhiteElo "2032"]
[BlackElo "2115"]
[PlyCount "32"]
[EventDate "2010.02.20"]
[EventType "swiss"]
[EventRounds "11"]
[EventCountry "RUS"]
[SourceTitle "CBM 135 Extra"]
[Source "ChessBase"]
[SourceDate "2010.05.04"]
[SourceVersion "1"]
[SourceVersionDate "2010.05.04"]
[SourceQuality "1"]

1. e4 c5 2. Nc3 Nc6 3. g3 g6 4. Bg2 Bg7 5. d3 e6 6. Be3 d6 7. Qd2 Nge7 8. Nge2 Nd4 9. Nf4 Bd7 10. Nd1 e5 11. Ne2 Bg4 12. Ng1 Qd7 13. c3 Ndc6 14. h3 Be6 15. h4 f5 16. Ne2 0-0-0 0-1

[Event "Omsk-ch"]
[Site "Omsk"]
[Date "2010.02.28"]
[Round "6"]
[White "Borisov, Sergey"]
[Black "Strizhachenko, Yuri"]
[Result "0-1"]
[WhiteElo "2115"]
[BlackElo "2103"]
[PlyCount "64"]
[EventDate "2010.02.20"]
[EventType "swiss"]
[EventRounds "11"]
[EventCountry "RUS"]
[SourceTitle "CBM 135 Extra"]
[Source "ChessBase"]
[SourceDate "2010.05.04"]
[SourceVersion "1"]
[SourceVersionDate "2010.05.04"]
[SourceQuality "1"]

1. d4 d5 2. Nf3 Bf5 3. c4 e6 4. Nc3 c6 5. e3 Nd7 6. Be2 h6 7. 0-0 Ngf6 8. b3 Bd6 9. Bb2 0-0 10. c5 Bc7 11. b4 e5 12. dxe5 Nxe5 13. Nd4 Bd7 14. h3 Re8 15. f4 Ng6 16. Qd3 Qe7 17. Bc1 a5 18. Rb1 axb4 19. Rxb4 b6 20. Rxb6 Bxb6 21. cxb6 Qb4 22. Bd2 Qxb6 23. Rb1 Qa7 24. Kh1 Ne4 25. Nxe4 Rxe4 26. Bf3 Ree8 27. Rb2 Rab8 28. Rc2 Ne7 29. g4 c5 30. Nf5 Bxf5 31. gxf5 c4 32. Qc3 Nxf5 0-1

[Event "Omsk-ch"]
[Site "Omsk"]
[Date "2010.02.27"]
[Round "5"]
[White "Toder, Denis"]
[Black "Borisov, Sergey"]
[Result "1/2-1/2"]
[WhiteElo "2198"]
[BlackElo "2115"]
[PlyCount "65"]
[EventDate "2010.02.20"]
[EventType "swiss"]
[EventRounds "11"]
[EventCountry "RUS"]
[SourceTitle "CBM 135 Extra"]
[Source "ChessBase"]
[SourceDate "2010.05.04"]
[SourceVersion "1"]
[SourceVersionDate "2010.05.04"]
[SourceQuality "1"]

1. Nf3 Nf6 2. g3 b6 3. Bg2 Bb7 4. 0-0 e6 5. d4 Be7 6. c4 0-0 7. Nc3 Ne4 8. Qc2 Nxc3 9. Qxc3 d6 10. Qc2 f5 11. d5 e5 12. Bd2 a5 13. a3 a4 14. Rad1 Nd7 15. Bh3 g6 16. Bh6 Re8 17. e4 fxe4 18. Be6+ Kh8 19. Nd2 Bf8 20. Be3 Bg7 21. Nxe4 Rf8 22. Ng5 Qe7 23. f4 Bh6 24. h4 Nc5 25. f5 gxf5 26. Bxf5 Bc8 27. Bxh7 Bg4 28. Qg6 Bxg5 29. Bxg5 Qxh7 30. Bf6+ Rxf6 31. Qxf6+ Qg7 32. Rde1 Qxf6 33. Rxf6 1/2-1/2

[Event "Omsk-ch"]
[Site "Omsk"]
[Date "2010.02.23"]
[Round "3"]
[White "Boichuk, Alexei"]
[Black "Borisov, Sergey"]
[Result "1-0"]
[WhiteElo "2144"]
[BlackElo "2115"]
[PlyCount "81"]
[EventDate "2010.02.20"]
[EventType "swiss"]
[EventRounds "11"]
[EventCountry "RUS"]
[SourceTitle "CBM 135 Extra"]
[Source "ChessBase"]
[SourceDate "2010.05.04"]
[SourceVersion "1"]
[SourceVersionDate "2010.05.04"]
[SourceQuality "1"]

1. d4 Nf6 2. c4 e6 3. Nc3 Bb4 4. e3 b6 5. Nge2 Ba6 6. a3 Bxc3+ 7. Nxc3 d5 8. b3 0-0 9. Be2 Nbd7 10. 0-0 dxc4 11. bxc4 Bb7 12. a4 a5 13. Ba3 Re8 14. Rb1 Ne4 15. Qc2 Nxc3 16. Qxc3 Qg5 17. f3 Bc6 18. Bd1 f5 19. Bc2 Nf6 20. Rbe1 Rad8 21. e4 fxe4 22. fxe4 e5 23. d5 Bd7 24. Bc1 Qh4 25. Re3 Ng4 26. Rh3 Qe7 27. Ba3 Qg5 28. Rg3 Qh4 29. h3 Nf6 30. Rgf3 c6 31. Qe3 cxd5 32. cxd5 b5 33. axb5 Bxb5 34. Rb1 Rc8 35. Rf2 Bc4 36. Rb7 a4 37. Bxa4 Bxd5 38. exd5 Qxa4 39. Rxf6 Qd4 40. Qxd4 exd4 41. Rff7 1-0

[Event "Omsk-ch op"]
[Site "Omsk"]
[Date "2009.02.23"]
[Round "9"]
[White "Bereziy, Petr"]
[Black "Borisov, Sergey"]
[Result "0-1"]
[WhiteElo "1768"]
[BlackElo "2112"]
[PlyCount "20"]
[EventDate "2009.02.12"]
[EventType "swiss"]
[EventRounds "11"]
[EventCountry "RUS"]
[SourceTitle "CBM 129 Extra"]
[Source "ChessBase"]
[SourceDate "2009.05.05"]
[SourceVersion "2"]
[SourceVersionDate "2009.05.20"]
[SourceQuality "1"]

1. e4 Nf6 2. Nc3 d5 3. exd5 Nxd5 4. Bc4 Nb6 5. Bb3 Nc6 6. a4 a5 7. Nf3 Bf5 8. d3 e6 9. Be3 Bd6 10. Bxb6 cxb6 0-1

[Event "Elista-A"]
[Site "Elista"]
[Date "2009.01.07"]
[Round "7"]
[White "Borisov, Sergey"]
[Black "Grigoryan, Artur"]
[Result "1/2-1/2"]
[WhiteElo "2112"]
[BlackElo "2260"]
[PlyCount "92"]
[EventDate "2009.01.03"]
[EventType "tourn"]
[EventRounds "10"]
[EventCountry "RUS"]
[SourceTitle "EXT 2010"]
[Source "ChessBase"]
[SourceDate "2010.11.25"]
[SourceVersion "1"]
[SourceVersionDate "2010.11.25"]
[SourceQuality "1"]

1. Nf3 Nf6 2. d4 g6 3. c3 Bg7 4. Bg5 Ne4 5. Bf4 c5 6. e3 Qb6 7. Nbd2 d5 8. Qb3 Qxb3 9. axb3 Nxd2 10. Kxd2 cxd4 11. exd4 Nc6 12. Bb5 0-0 13. Rhe1 e6 14. Bxc6 bxc6 15. Ne5 Bxe5 16. Bxe5 f6 17. Bd6 Rf7 18. Ra5 e5 19. f3 exd4 20. Re8+ Kg7 21. cxd4 Bb7 22. Rxa8 Bxa8 23. Bc5 g5 24. Bxa7 Bb7 25. Bc5 Bc8 26. Ra8 Bd7 27. Rd8 h5 28. Kc3 Kg6 29. Kb4 Kf5 30. Bd6 h4 31. Kc5 Ke6 32. b4 Rh7 33. Rf8 Rg7 34. h3 Rh7 35. Rb8 Rf7 36. Rb6 Be8 37. Bb8 Kf5 38. b5 cxb5 39. Rd6 Re7 40. Rxd5+ Kg6 41. Rd8 Re2 42. d5 Bf7 43. d6 Rc2+ 44. Kxb5 Rxb2+ 45. Kc5 Rc2+ 46. Kb6 Rb2+ 1/2-1/2

[Event "Elista-A"]
[Site "Elista"]
[Date "2009.01.04"]
[Round "2"]
[White "Grigoryan, Artur"]
[Black "Borisov, Sergey"]
[Result "1/2-1/2"]
[WhiteElo "2260"]
[BlackElo "2112"]
[PlyCount "75"]
[EventDate "2009.01.03"]
[EventType "tourn"]
[EventRounds "10"]
[EventCountry "RUS"]
[SourceTitle "EXT 2010"]
[Source "ChessBase"]
[SourceDate "2010.11.25"]
[SourceVersion "1"]
[SourceVersionDate "2010.11.25"]
[SourceQuality "1"]

1. d4 Nf6 2. Nf3 d6 3. c4 Nbd7 4. Nc3 e5 5. e4 Be7 6. Be2 0-0 7. 0-0 c6 8. Qc2 a6 9. Rd1 Qc7 10. b4 b5 11. a3 exd4 12. Nxd4 Ne5 13. cxb5 cxb5 14. Bg5 Be6 15. Bxf6 Bxf6 16. Nd5 Qd8 17. f4 Rc8 18. Nxf6+ gxf6 19. Qd2 Nc4 20. Bxc4 Rxc4 21. Rac1 Qb6 22. Rxc4 Bxc4 23. Kh1 Re8 24. Qe1 Kh8 25. Nf5 d5 26. Qg3 Rg8 27. Qc3 Qe6 28. Ng3 dxe4 29. Nxe4 Bd5 30. Qxf6+ Qxf6 31. Nxf6 Bxg2+ 32. Kg1 Rg6 33. Rd8+ Kg7 34. Nh5+ Kh6 35. Ng3 Bh3 36. Kf2 Rc6 37. Rd5 Rc2+ 38. Ke3 1/2-1/2

[Event "Elista-A"]
[Site "Elista"]
[Date "2009.01.03"]
[Round "1"]
[White "Namruev, Anatoly"]
[Black "Borisov, Sergey"]
[Result "0-1"]
[WhiteElo "1951"]
[BlackElo "2112"]
[PlyCount "52"]
[EventDate "2009.01.03"]
[EventType "tourn"]
[EventRounds "10"]
[EventCountry "RUS"]
[SourceTitle "EXT 2010"]
[Source "ChessBase"]
[SourceDate "2010.11.25"]
[SourceVersion "1"]
[SourceVersionDate "2010.11.25"]
[SourceQuality "1"]

1. e4 d5 2. exd5 Qxd5 3. Nc3 Qd6 4. d4 Nf6 5. Nf3 c6 6. Bc4 Bg4 7. Be3 e6 8. Bb3 Nbd7 9. h3 Bh5 10. Qd2 Qc7 11. 0-0-0 Bb4 12. Bf4 Qa5 13. Qe3 Bxc3 14. bxc3 Nd5 15. Bxd5 cxd5 16. Bd6 Qxa2 17. Qg5 Nf6 18. Qxg7 Ne4 19. Nd2 Bxd1 20. Rxd1 Qa1+ 21. Nb1 0-0-0 22. Bb4 a5 23. f3 axb4 24. cxb4 Nc3 25. Re1 Qxb1+ 26. Kd2 Qxb4 0-1

[Event "Kalmykia-ch"]
[Site "Elista"]
[Date "2008.12.13"]
[Round "2"]
[White "Borisov, Sergey"]
[Black "Ubushiev, Andrey"]
[Result "1-0"]
[WhiteElo "2126"]
[BlackElo "2187"]
[PlyCount "71"]
[EventDate "2008.12.12"]
[EventType "tourn"]
[EventRounds "9"]
[EventCountry "RUS"]
[SourceTitle "EXT 2022"]
[Source "ChessBase"]
[SourceDate "2021.10.06"]
[SourceVersion "1"]
[SourceVersionDate "2021.10.06"]
[SourceQuality "1"]

1. Nf3 Nf6 2. d4 g6 3. c3 Bg7 4. Bg5 d6 5. Nbd2 0-0 6. e4 Nc6 7. Be2 e5 8. dxe5 dxe5 9. 0-0 h6 10. Bh4 Be6 11. Qc2 Qe8 12. Bxf6 Bxf6 13. Bc4 Rd8 14. Rad1 Bg7 15. Bxe6 Qxe6 16. Nb3 b6 17. Rxd8 Rxd8 18. Rd1 Rxd1+ 19. Qxd1 a5 20. Qd3 Bf8 21. Qb5 Qd6 22. g3 f5 23. Qc4+ Kg7 24. exf5 gxf5 25. Nh4 Ne7 26. Qb5 Kf7 27. Qe2 Bg7 28. Nd2 b5 29. Nf1 c6 30. Ne3 Qe6 31. Nexf5 Nxf5 32. Qh5+ Kg8 33. Nxf5 Qxa2 34. Qg6 Qb1+ 35. Kg2 Qe4+ 36. Kh3 1-0

[Event "Elista Chess City op 10th"]
[Site "Elista"]
[Date "2008.09.19"]
[Round "6"]
[White "Borisov, Sergey"]
[Black "Utegaliev, Azamat"]
[Result "0-1"]
[WhiteElo "2163"]
[BlackElo "2218"]
[PlyCount "38"]
[EventDate "2008.09.16"]
[EventType "swiss"]
[EventRounds "9"]
[EventCountry "RUS"]
[SourceTitle "CBM 126 Extra"]
[Source "ChessBase"]
[SourceDate "2008.11.05"]
[SourceVersion "1"]
[SourceVersionDate "2008.11.05"]
[SourceQuality "1"]

1. e4 c5 2. Nf3 d6 3. Bb5+ Nc6 4. d4 cxd4 5. Qxd4 Bd7 6. Bxc6 Bxc6 7. Nc3 h6 8. Be3 e5 9. Qd3 Nf6 10. 0-0-0 a6 11. Nd2 b5 12. f4 Be7 13. Nf3 Qc7 14. fxe5 dxe5 15. Nd5 Bxd5 16. exd5 Rc8 17. Ne1 Rd8 18. Qf5 Nxd5 19. Rf1 0-0 0-1

[Event "Elista Chess City op 10th"]
[Site "Elista"]
[Date "2008.09.16"]
[Round "1"]
[White "Pilavov, Georgy"]
[Black "Borisov, Sergey"]
[Result "1-0"]
[WhiteElo "2609"]
[BlackElo "2163"]
[PlyCount "41"]
[EventDate "2008.09.16"]
[EventType "swiss"]
[EventRounds "9"]
[EventCountry "RUS"]
[SourceTitle "CBM 126 Extra"]
[Source "ChessBase"]
[SourceDate "2008.11.05"]
[SourceVersion "1"]
[SourceVersionDate "2008.11.05"]
[SourceQuality "1"]

1. e4 d5 2. exd5 Qxd5 3. d4 e5 4. Be3 exd4 5. Nc3 Qa5 6. Qxd4 Nc6 7. Bb5 Bd7 8. Qe4+ Nge7 9. 0-0-0 0-0-0 10. Nge2 Re8 11. Qf3 f6 12. Nd4 Ne5 13. Bxd7+ Nxd7 14. Qh3 f5 15. Bg5 Nf6 16. Bxf6 gxf6 17. Rhe1 Rd8 18. Ne6 Rxd1+ 19. Rxd1 Nc6 20. Rd5 Qa6 21. Qxf5 1-0

[Event "Elista-ch "]
[Site "Elista"]
[Date "2008.07.30"]
[Round "11"]
[White "Olenina, Aysa"]
[Black "Borisov, Sergey"]
[Result "0-1"]
[WhiteElo "1972"]
[BlackElo "2163"]
[PlyCount "104"]
[EventDate "2008.07.21"]
[EventType "tourn"]
[EventRounds "11"]
[EventCountry "RUS"]
[SourceTitle "EXT 2022"]
[Source "ChessBase"]
[SourceDate "2021.10.06"]
[SourceVersion "1"]
[SourceVersionDate "2021.10.06"]
[SourceQuality "1"]

1. e4 d5 2. exd5 Qxd5 3. Nc3 Qd6 4. d4 Nf6 5. Bc4 a6 6. Nge2 b5 7. Bd3 Bb7 8. Bf4 Qb6 9. f3 e6 10. 0-0 c5 11. Be3 cxd4 12. Bxd4 Bc5 13. Kh1 Nbd7 14. Bxc5 Nxc5 15. b4 Nxd3 16. cxd3 0-0 17. Ne4 Nd5 18. Qd2 Rad8 19. Nc5 Rd6 20. a3 Rfd8 21. Ng3 Nf6 22. Qe2 Nd7 23. Rac1 Bd5 24. Nge4 Bxe4 25. dxe4 h6 26. Nxd7 R6xd7 27. Rfd1 Rd4 28. Rxd4 Qxd4 29. h3 Qd3 30. Qb2 Qe3 31. Rc3 Rd1+ 32. Kh2 Qf4+ 33. g3 Rd2+ 34. Kh1 Qd6 35. Rc2 Rxc2 36. Qxc2 Qxg3 37. Qc3 Qxh3+ 38. Kg1 Qg3+ 39. Kf1 h5 40. Ke2 h4 41. Qc8+ Kh7 42. Qd7 Kg6 43. Qd3 Qf4 44. Kf2 h3 45. e5+ Qf5 46. Qd4 h2 47. Kg2 Qc2+ 48. Kh1 Qc4 49. Qf2 Qf4 50. Qc2+ Kh6 51. Qe2 Qg3 52. Qd2+ Kh5 0-1

[Event "Elista-ch "]
[Site "Elista"]
[Date "2008.07.25"]
[Round "5"]
[White "Borisov, Sergey"]
[Black "Bakuev, Valery"]
[Result "1/2-1/2"]
[WhiteElo "2163"]
[BlackElo "1879"]
[PlyCount "121"]
[EventDate "2008.07.21"]
[EventType "tourn"]
[EventRounds "11"]
[EventCountry "RUS"]
[SourceTitle "EXT 2022"]
[Source "ChessBase"]
[SourceDate "2021.10.06"]
[SourceVersion "1"]
[SourceVersionDate "2021.10.06"]
[SourceQuality "1"]

1. Nf3 d5 2. b3 f6 3. d4 Bg4 4. Bb2 e6 5. e3 Bd6 6. Be2 Nh6 7. c4 c6 8. Nc3 0-0 9. 0-0 Nd7 10. e4 dxe4 11. Nxe4 Bc7 12. b4 Qe8 13. Re1 Qg6 14. Ng3 Nf5 15. Nh4 Nxh4 16. Bxg4 f5 17. Bh5 Qh6 18. Bc1 g5 19. d5 cxd5 20. cxd5 e5 21. d6 Bb6 22. Qd5+ Kh8 23. Bb2 Rf6 24. Rxe5 Nxe5 25. Qxe5 Raf8 26. Be2 Bd8 27. Nxf5 Nxf5 28. Qxf5 Qg7 29. Qg4 Bb6 30. Rf1 h6 31. h4 Kg8 32. Bc4+ Kh7 33. Qe4+ Qg6 34. Qe7+ Qg7 35. Bxf6 Rxf6 36. hxg5 hxg5 37. Bd3+ Kh6 38. Qe5 Qf7 39. Qg3 Rf4 40. Be2 Qxa2 41. Bg4 Qc4 42. Qh3+ Kg7 43. Bf3 Qxb4 44. Qe6 Qc5 45. Bd5 Qd4 46. Qe7+ Kh6 47. Bg8 Qg7 48. Qe6+ Qf6 49. Qh3+ Rh4 50. Qd3 Kg7 51. Bd5 Rd4 52. Qf3 Rf4 53. Qg3 g4 54. Bxb7 Qxd6 55. Qh4 Qf6 56. Qxf6+ Kxf6 57. g3 Rb4 58. Bc8 Rb3 59. Kg2 Rb4 60. Rd1 Rb2 61. Bxg4 1/2-1/2

[Event "Krasnodar-ch"]
[Site "Krasnodar"]
[Date "2006.08.03"]
[Round "9"]
[White "Egorov, Sergei"]
[Black "Borisov, Sergey"]
[Result "0-1"]
[WhiteElo "1995"]
[BlackElo "2183"]
[PlyCount "109"]
[EventDate "2006.07.28"]
[EventType "tourn"]
[EventRounds "11"]
[EventCountry "RUS"]
[SourceTitle "EXT 2008"]
[Source "ChessBase"]
[SourceDate "2007.11.25"]
[SourceVersion "1"]
[SourceVersionDate "2007.11.25"]
[SourceQuality "1"]

1. e4 Nc6 2. Nf3 e5 3. Bb5 Nf6 4. 0-0 Nxe4 5. Nxe5 Nxe5 6. Re1 Be7 7. Rxe4 Ng6 8. d4 c6 9. d5 cxb5 10. d6 0-0 11. dxe7 Nxe7 12. Qd6 Nf5 13. Qd5 d6 14. Qxb5 d5 15. Re1 Nd4 16. Qa4 Qh4 17. c4 b5 18. Qd1 dxc4 19. Nc3 Bb7 20. Ne4 Bxe4 21. Qxd4 Rad8 22. Bg5 Qxg5 23. Qxe4 h6 24. h4 Qf6 25. Qe5 Rd2 26. Qxf6 gxf6 27. b3 c3 28. Rac1 b4 29. a3 a5 30. axb4 axb4 31. Re4 Rfd8 32. Kh2 R8d4 33. Re8+ Kg7 34. h5 Rxf2 35. Ra1 Rfd2 36. Raa8 f5 37. Rg8+ Kf6 38. Rgc8 Rg4 39. Ra6+ Kg5 40. Kh3 Rb2 41. g3 Rxb3 42. Rg8+ Kxh5 43. Rh8 Rg6 44. Ra5 Kg5 45. Rc8 Kf6 46. Rc6+ Kg7 47. Rc7 f4 48. Raa7 Rf6 49. Rc8 fxg3 50. Raa8 Rf5 51. Kg4 Rg5+ 52. Kf4 g2 53. Rg8+ Kf6 54. Ra6+ Ke7 55. Rb8 0-1

[Event "Krasnodar-ch"]
[Site "Krasnodar"]
[Date "2006.07.31"]
[Round "6"]
[White "Borisov, Sergey"]
[Black "Namruev, Anatoly"]
[Result "0-1"]
[WhiteElo "2183"]
[BlackElo "1960"]
[PlyCount "69"]
[EventDate "2006.07.28"]
[EventType "tourn"]
[EventRounds "11"]
[EventCountry "RUS"]
[SourceTitle "EXT 2008"]
[Source "ChessBase"]
[SourceDate "2007.11.25"]
[SourceVersion "1"]
[SourceVersionDate "2007.11.25"]
[SourceQuality "1"]

1. Nf3 c5 2. c4 Nc6 3. Nc3 e5 4. d3 f5 5. g3 Nf6 6. Bg2 d6 7. 0-0 Be7 8. a3 0-0 9. Rb1 Rb8 10. b4 Qe8 11. Bg5 cxb4 12. axb4 Be6 13. b5 Na5 14. Nd2 Qg6 15. Bxf6 Bxf6 16. Nd5 b6 17. e3 h5 18. f4 h4 19. Nxf6+ Qxf6 20. Qh5 hxg3 21. hxg3 e4 22. dxe4 Qc3 23. Nf3 Qxe3+ 24. Rf2 Rf6 25. Re1 Qc5 26. Ng5 Rh6 27. Qd1 Bxc4 28. exf5 Qxf5 29. g4 Qxb5 30. f5 Nc6 31. Ne4 Qe5 32. Nf6+ Qxf6 33. Bd5+ Kh8 34. Re6 Bxd5 35. Qxd5 0-1

[Event "Krasnodar-ch"]
[Site "Krasnodar"]
[Date "2006.07.29"]
[Round "2"]
[White "Borisov, Sergey"]
[Black "Shovunov, Baatr"]
[Result "1/2-1/2"]
[WhiteElo "2183"]
[BlackElo "2362"]
[PlyCount "23"]
[EventDate "2006.07.28"]
[EventType "tourn"]
[EventRounds "11"]
[EventCountry "RUS"]
[SourceTitle "EXT 2008"]
[Source "ChessBase"]
[SourceDate "2007.11.25"]
[SourceVersion "1"]
[SourceVersionDate "2007.11.25"]
[SourceQuality "1"]

1. d4 d5 2. c4 c6 3. cxd5 cxd5 4. Nc3 Nf6 5. Nf3 Nc6 6. Bf4 e6 7. e3 Bd6 8. Bxd6 Qxd6 9. Bd3 0-0 10. 0-0 Bd7 11. Rc1 Rfc8 12. a3 1/2-1/2